000
00319nam a2200145Ia 4500
008
100122s9999 xx 000 0 und d
082
_b
67134
_a
823
100
_a
REILLY MATTHEW
245
_a
SCARECROW
260
_b
PAN BOOKS
_c
2004
300
_a
532
630
_a
SCARECROW
730
_a
SCARECROW
942
_c
BOOK
999
_c
380789
_d
380786